[Event "Catalao op 1st"]
[Site "Catalao"]
[Date "2019.03.10"]
[Round "4"]
[White "De Oliveira, Rogerio Soares"]
[Black "Dos Santos, Leandro Ferreira"]
[Result "1-0"]
[WhiteElo "1374"]
[BlackElo "1447"]
[PlyCount "67"]
[EventDate "2019.02.09"]
[EventType "swiss"]
[EventRounds "5"]
[EventCountry "BRA"]
[SourceTitle "CBM 189 Extra"]
[Source "ChessBase"]
[SourceDate "2019.06.03"]
[SourceVersion "1"]
[SourceVersionDate "2019.06.03"]
[SourceQuality "1"]

1. d4 Nf6 2. c3 e6 3. e3 c5 4. Nf3 d5 5. Bd3 Nbd7 6. 0-0 a6 7. Re1 b5 8. Nbd2 c4 9. Bc2 Bb7 10. e4 Nxe4 11. Nxe4 dxe4 12. Bxe4 Bxe4 13. Rxe4 Nf6 14. Re1 h6 15. h3 Bd6 16. Qe2 0-0 17. Ne5 Qc7 18. Qf3 Nd5 19. Qh5 Nf6 20. Qf3 Bxe5 21. Rxe5 Rad8 22. Bxh6 gxh6 23. Qxf6 Rd5 24. Rae1 Kh7 25. R1e4 Rg8 26. Rxd5 Rg6 27. Qd8 Qb7 28. Rde5 f5 29. Rxe6 Qg7 30. Rxg6 Kxg6 31. Re7 Qf6 32. Qe8+ Kg5 33. Re1 Kh4 34. Qe7 1-0

[Event "Catalao op 1st"]
[Site "Catalao"]
[Date "2019.02.09"]
[Round "3"]
[White "De Paiva, Ricardo Carisio Bat"]
[Black "De Oliveira, Rogerio Soares"]
[Result "1-0"]
[WhiteElo "1614"]
[BlackElo "1374"]
[PlyCount "67"]
[EventDate "2019.02.09"]
[EventType "swiss"]
[EventRounds "5"]
[EventCountry "BRA"]
[SourceTitle "CBM 189 Extra"]
[Source "ChessBase"]
[SourceDate "2019.06.03"]
[SourceVersion "1"]
[SourceVersionDate "2019.06.03"]
[SourceQuality "1"]

1. e4 c6 2. d4 d5 3. Nd2 dxe4 4. Nxe4 Nd7 5. Nf3 Ngf6 6. Qd3 Nxe4 7. Qxe4 Nf6 8. Qd3 e6 9. Bd2 Be7 10. 0-0-0 a5 11. h4 Qc7 12. Ne5 b5 13. g4 Bb7 14. h5 Bd6 15. g5 Nd5 16. g6 Bxe5 17. gxf7+ Qxf7 18. dxe5 0-0 19. Rh2 Nb4 20. Qb3 Kh8 21. f4 Nd5 22. Rh4 Ne7 23. Bh3 Rad8 24. Bxe6 Qe8 25. Bxa5 Rxd1+ 26. Kxd1 Nd5 27. f5 Qe7 28. Rg4 Qc5 29. Bxd5 cxd5 30. Bb4 Qc8 31. Bxf8 Qxf8 32. Qxb5 Bc8 33. Qxd5 Qxf5 34. Qd8+ 1-0

[Event "Brazil Fiesta op"]
[Site "Brazil"]
[Date "2017.07.23"]
[Round "5"]
[White "De Oliveira, Rogerio Soares"]
[Black "Loricchio, Leticia Figueira"]
[Result "1-0"]
[WhiteElo "1368"]
[BlackElo "1415"]
[PlyCount "62"]
[EventDate "2017.07.21"]
[EventType "swiss"]
[EventRounds "6"]
[EventCountry "BRA"]
[SourceTitle "EXT 2019"]
[Source "ChessBase"]
[SourceDate "2018.10.10"]
[SourceVersion "1"]
[SourceVersionDate "2018.10.10"]
[SourceQuality "1"]

1. d4 d5 2. Nf3 Nf6 3. e3 e6 4. c3 Nbd7 5. Bd3 Bd6 6. 0-0 0-0 7. Nbd2 c6 8. Re1 c5 9. e4 e5 10. dxe5 Bxe5 11. Nxe5 Nxe5 12. Bc2 b6 13. exd5 Qxd5 14. Ne4 Qc6 15. Nxf6+ Qxf6 16. Qh5 Ng6 17. Bg5 Qc6 18. Be4 Qc7 19. Bxa8 Bd7 20. Bf3 Nf4 21. Bxf4 Qxf4 22. Re4 Qd2 23. Re2 Qd6 24. Rae1 Bb5 25. Re4 Bc6 26. Rh4 h6 27. Bxc6 Qxc6 28. Qf3 Qe8 29. Rxe8 Rxe8 30. g3 g6 31. Rxh6 c4 1-0

[Event "Brasilia Terraviva op"]
[Site "Brasilia"]
[Date "2017.01.07"]
[Round "4"]
[White "De Moraes, Daniel Cerqueira"]
[Black "De Oliveira, Rogerio Soares"]
[Result "0-1"]
[WhiteElo "1521"]
[BlackElo "1353"]
[PlyCount "86"]
[EventDate "2017.01.06"]
[EventType "swiss"]
[EventRounds "6"]
[EventCountry "BRA"]
[SourceTitle "CBM 176 Extra"]
[Source "ChessBase"]
[SourceDate "2017.03.02"]
[SourceVersion "1"]
[SourceVersionDate "2017.03.02"]
[SourceQuality "1"]

1. e4 c5 2. Nf3 d6 3. d4 cxd4 4. Nxd4 Nf6 5. Nc3 a6 6. Bg5 e6 7. f4 Be7 8. e5 dxe5 9. fxe5 Nfd7 10. Bf4 b5 11. Bd3 Bb7 12. 0-0 Qc7 13. Qe2 Nc6 14. Nxc6 Bxc6 15. Rad1 Rd8 16. Be4 0-0 17. Bxc6 Qxc6 18. Ne4 Nc5 19. Nd6 Na4 20. c3 Nb6 21. Bg3 Qc7 22. Qf2 Nd5 23. Nxf7 Bc5 24. Rd4 Qxf7 25. Bh4 Qxf2+ 26. Rxf2 Rxf2 27. Bxf2 Bxd4 28. Bxd4 Kf7 29. Kf2 Kg6 30. Kf3 Rf8+ 31. Ke2 Kf5 32. b3 Ke4 33. Bc5 Rf7 34. c4 bxc4 35. bxc4 Nc3+ 36. Kd2 Nxa2 37. Bd6 Rf2+ 38. Kd1 Rxg2 39. c5 Kd5 40. h4 Nc3+ 41. Kc1 Ne4 42. Kb1 Nxc5 43. Bxc5 Kxc5 0-1

[Event "Brasilia IRT de Ferias"]
[Site "Brasilia"]
[Date "2016.07.15"]
[Round "1.4"]
[White "Felix, Raimundo Nascimento"]
[Black "De Oliveira, Rogerio Soares"]
[Result "1-0"]
[WhiteElo "1912"]
[BlackElo "1362"]
[PlyCount "74"]
[EventDate "2016.07.15"]
[EventType "swiss"]
[EventRounds "6"]
[EventCountry "BRA"]
[SourceTitle "EXT 2022"]
[Source "ChessBase"]
[SourceDate "2021.10.06"]
[SourceVersion "1"]
[SourceVersionDate "2021.10.06"]
[SourceQuality "1"]

1. e4 c6 2. d4 d5 3. e5 Bf5 4. g4 Bg6 5. f4 e6 6. h4 h6 7. Be3 Qb6 8. b3 Nd7 9. c3 f6 10. Bd3 Bxd3 11. Qxd3 Ne7 12. h5 Qb5 13. Qc2 0-0-0 14. a4 Qb6 15. Nd2 fxe5 16. a5 Qc7 17. fxe5 Nxe5 18. dxe5 Qxe5 19. Qd3 Qg3+ 20. Kd1 d4 21. cxd4 Nd5 22. Rh3 Qxg4+ 23. Kc1 Nxe3 24. Qxe3 Rxd4 25. Rg3 Qf5 26. Qxd4 Bc5 27. Qg4 Qd5 28. Qe4 Qd6 29. Rd3 Qe7 30. Ngf3 Qf6 31. Qe5 Qe7 32. Kc2 Rf8 33. Re1 Re8 34. Ne4 Bb4 35. Nd6+ Bxd6 36. Rxd6 Qf7 37. Rxe6 Qxe6 1-0

[Event "Brasilia Ascade op"]
[Site "Brasilia"]
[Date "2016.01.31"]
[Round "5"]
[White "Valcarcel, Victor Ignacio Sant"]
[Black "De Oliveira, Rogerio Soares"]
[Result "1-0"]
[WhiteElo "1647"]
[BlackElo "1365"]
[PlyCount "84"]
[EventDate "2016.01.29"]
[EventType "swiss"]
[EventRounds "5"]
[EventCountry "BRA"]
[SourceTitle "CBM 170 Extra"]
[Source "ChessBase"]
[SourceDate "2016.02.25"]
[SourceVersion "1"]
[SourceVersionDate "2016.02.25"]
[SourceQuality "1"]

1. e4 c5 2. Nf3 d6 3. d4 cxd4 4. Nxd4 Nf6 5. Nc3 a6 6. Bc4 e6 7. Bb3 Be7 8. Be3 b5 9. a3 Qc7 10. 0-0 0-0 11. f4 Nc6 12. Nf3 Bb7 13. f5 Bc8 14. Nd4 Nxd4 15. Bxd4 e5 16. Bf2 Bb7 17. Bh4 Nxe4 18. Bxe7 Qxe7 19. Nxe4 Bxe4 20. Qg4 d5 21. f6 Qa7+ 22. Kh1 Bg6 23. Bxd5 Rad8 24. Be4 Rd4 25. Rae1 Qd7 26. Qg3 Qd6 27. h4 gxf6 28. h5 f5 29. Bxf5 e4 30. Qxd6 Rxd6 31. hxg6 fxg6 32. Bxe4 Rxf1+ 33. Rxf1 Kg7 34. Bd3 Rd5 35. Re1 Kf6 36. Re8 h5 37. Ra8 Rd6 38. a4 bxa4 39. Rxa6 Rxa6 40. Bxa6 Ke5 41. Bb5 a3 42. bxa3 Kd4 1-0

[Event "Brasilia Ascade op"]
[Site "Brasilia"]
[Date "2016.01.30"]
[Round "2"]
[White "Taira, Erick Hideki"]
[Black "De Oliveira, Rogerio Soares"]
[Result "1-0"]
[WhiteElo "1631"]
[BlackElo "1365"]
[PlyCount "56"]
[EventDate "2016.01.29"]
[EventType "swiss"]
[EventRounds "5"]
[EventCountry "BRA"]
[SourceTitle "CBM 170 Extra"]
[Source "ChessBase"]
[SourceDate "2016.02.25"]
[SourceVersion "1"]
[SourceVersionDate "2016.02.25"]
[SourceQuality "1"]

1. d4 d5 2. c4 c6 3. Nf3 Nf6 4. Bf4 e6 5. Nc3 g6 6. e3 Bg7 7. Rc1 0-0 8. Bd3 Re8 9. 0-0 Nbd7 10. c5 e5 11. Nxe5 Nh5 12. Nxd7 Qxd7 13. Bd6 Nf6 14. Qc2 Qg4 15. Be2 Qf5 16. Qxf5 Bxf5 17. Be5 Ne4 18. Bxg7 Kxg7 19. Nxe4 Bxe4 20. Bf3 f5 21. Bxe4 fxe4 22. f3 exf3 23. Rxf3 Rf8 24. Rcf1 Rxf3 25. Rxf3 Rf8 26. Rxf8 Kxf8 27. Kf2 Kf7 28. Kf3 Kf6 1-0

[Event "Brasilia FBX Nova Geracao U1800"]
[Site "Brasilia"]
[Date "2015.07.25"]
[Round "3.19"]
[White "Do Carmo, Thiago Souza Lopes"]
[Black "De Oliveira, Rogerio Soares"]
[Result "1-0"]
[WhiteElo "1800"]
[BlackElo "1764"]
[PlyCount "107"]
[EventDate "2015.07.25"]
[EventType "swiss"]
[EventRounds "5"]
[EventCountry "BRA"]
[SourceTitle "EXT 2022"]
[Source "ChessBase"]
[SourceDate "2021.10.06"]
[SourceVersion "1"]
[SourceVersionDate "2021.10.06"]
[SourceQuality "1"]

1. c3 d5 2. Nf3 Nf6 3. e3 e6 4. d4 Nbd7 5. Bb5 c6 6. Bd3 g6 7. 0-0 Bg7 8. Re1 0-0 9. Nbd2 Re8 10. e4 dxe4 11. Nxe4 Nxe4 12. Bxe4 Nf6 13. Bc2 b5 14. Bd3 Bb7 15. Bf1 Rc8 16. g3 Qc7 17. Bg2 Rcd8 18. Qc2 Qb6 19. h3 a6 20. Be3 Nd5 21. Bd2 Rc8 22. b4 Qd8 23. a4 Ra8 24. a5 Rc8 25. Be3 Qd6 26. Bd2 Rc7 27. Re2 Rce7 28. Rae1 Nf6 29. Bf4 Qd8 30. Bd2 Nd5 31. Bg5 Nf6 32. Bd2 Nd5 33. Bg5 Nf6 34. Bxf6 Bxf6 35. Ne5 Bg7 36. Bxc6 Rf8 37. Bg2 Bxg2 38. Kxg2 Qd5+ 39. Kg1 Rc8 40. Qe4 Qxe4 41. Rxe4 Rxc3 42. R1e3 Rec7 43. Kg2 Rxe3 44. Rxe3 Bxe5 45. dxe5 Rc4 46. Rb3 Kg7 47. h4 f5 48. exf6+ Kxf6 49. Rf3+ Ke7 50. Rf4 Kd6 51. Rf7 Rc7 52. Rxc7 Kxc7 53. Kf3 h5 54. Kf4 1-0